| 000 | 00541cam a2200217ua 4500 | ||
|---|---|---|---|
| 001 | 22638 | ||
| 008 | 190624n2012 II |||gr||||Z||||||eng | ||
| 040 | _aMAIN | ||
| 041 | _aEnglish | ||
| 041 | _aeng | ||
| 082 | _a005.3 RAM | ||
| 100 |
_aRAMACHANDRAN, HEMA, _eAUTHOR. |
||
| 245 | _aSCILAB ( A FREE SOFTWARE TO MATLAB) | ||
| 250 | _a1ST. | ||
| 260 |
_aNEW DELHI _bS.CHAND & COMPANY _c2012 |
||
| 300 |
_a200: _c21CM+ _ePB. |
||
| 500 | _aRUSA MDC GRANT 2014-2017 | ||
| 653 | _aSoftware | ||
| 700 |
_aNAIR, A.S.S., _eAUTHOR. |
||
| 942 | _cBK | ||
| 999 |
_c22498 _d22498 |
||